| 000 | 00672nam a22001817a 4500 | ||
|---|---|---|---|
| 999 |
_c64195 _d64195 |
||
| 005 | 20260501111936.0 | ||
| 008 | 260430s1999 enk||||| |||| 00| 0 eng d | ||
| 020 | _a 9780768902624x | ||
| 041 | _aeng | ||
| 080 | _a378.6 : 658. 012.32 P-50 | ||
| 100 |
_a _927403 |
||
| 245 |
_a Peterson's MBA Programs / _bU.S., Canadian, and international business Schools. |
||
| 264 |
_aNew Jersey : _bPetersons, _c1999. |
||
| 300 |
_a1290 p.: _bill.; _c28 cm. |
||
| 653 | _aMBA პროგრამები | ||
| 653 | _aაშშ-ის, კანადის და საერთაშორისო ბიზნეს სკოლები | ||
| 942 |
_2udc _cᲬᲘᲒᲜᲘ |
||